000 01097cam a22003015i 4500
999 _c14280
_d14280
003 OSt
005 20260406174328.0
008 240516s2024 ii a 000 0 eng d
020 _z9789183419814
_q(hardback)
042 _alccopycat
_alcode
043 _aa-ii---
082 0 4 _a709.54
_223
100 1 _aPitkar, Yashwant,
_eauthor.
245 1 0 _aSikandarah :
_bcalligraphy, epigraphy, geometry, islimi, poetry /
_cYashwant Pitkar, Richa Raut, H. Masud Taj.
300 _a156 pages :
_billustrations (colour) ;
_c29 cm
600 0 0 _aAkbar,
_cEmperor of Hindustan,
_d1542-1605
_xTomb
_vPictorial works.
600 0 0 _aAkbar,
_cEmperor of Hindustan,
_d1542-1605
_xTomb
_vPoetry.
650 0 _aArchitecture, Mughal Empire
_zIndia
_zAgra.
650 0 _aGeometric patterns
_zIndia
_zAgra.
650 0 _aArt, Mughal Empire
_zIndia.
650 0 _aCalligraphy, Mogul Empire.
650 6 _aArchitecture moghole
_zInde
_zĀgra.
650 6 _aArt moghol
_zInde.
655 7 _aIllustrated works.
_2lcgft
655 7 _aPoetry.
_2lcgft
700 1 _aRaut, Richa,
_eauthor.
700 1 _aTaj, H. Masud,
_d1956-
_eauthor.